Statistiques concernant Intercommunalités de la Charente-Maritime

Cliquez ici pour prendre le quiz!

Statistiques générales

  • Ce quiz a été pris 35 fois
  • Le résultat moyen est 7 sur 13

Statistiques - réponses

Nombres de communesIntercommunalités% Correct
28Communauté d'Agglomération de la Rochelle
96%
33Communauté d'Agglomération Royan Atlantique
91%
36Communauté d'Agglomération de Saintes
83%
25Communauté d'Agglomération Rochefort Océan
83%
10Communauté de Communes de l'Île de Ré
70%
129Communauté de Communes de la Haute Saintonge
65%
08Communauté de Communes de l'Île d'Oléron
65%
110Communauté de Communes Vals de Saintonge
57%
20Communauté de Communes Aunis Atlantique
35%
24Communauté de Communes Aunis Sud
35%
06Communauté de Communes du Bassin de Marennes
35%
18Communauté de Communes Cœur de Saintonge
9%
16Communauté de Communes du canton de Gémozac et de la Saintonge viticole
9%

Distribution des résultats

Percentile par nombre de réponses

% des personnes avec chaque résultat

Votre développement - résultats

Vous n’avez pas pris ce quiz